| 000 | 00476nam a22001817a 4500 | ||
|---|---|---|---|
| 003 | CEME | ||
| 005 | 20210628203228.0 | ||
| 008 | 210301b xxu||||| |||| 00| 0 eng d | ||
| 020 | _a0-534-16697-0 | ||
| 040 | _c. | ||
| 082 | _a540 MOO | ||
| 100 |
_aMoore, John W, Stanitski, Conrad L, Jurs, Peter C _964131 |
||
| 245 | _aChemistry, the molecular science | ||
| 260 |
_aCANADA _bBROOKS COLE _c1997 |
||
| 300 | _aXXXI,1135P | ||
| 650 |
_aCHEMISTRY _922640 |
||
| 942 |
_cBK _2ddc |
||
| 999 |
_c572740 _d572740 |
||